| 000 | 00947cam a2200265 i 4500 | ||
|---|---|---|---|
| 003 | OSt | ||
| 005 | 20260128133804.0 | ||
| 008 | 761013s1977 mau b 001 0 eng | ||
| 020 |
_a0521291860 _qv. 2 : pbk. |
||
| 020 |
_a9780521291866 _q(v. 2 : pbk.) |
||
| 040 |
_aKABLIB _cKABLIB _beng. _erda |
||
| 082 | 0 | 0 |
_a410 _223 _bLYO |
| 100 | 1 |
_aLyons, John, _d1932- _914777 |
|
| 245 | 1 | 0 |
_aSemantics : _bvol. 2 / _cJohn Lyons. |
| 260 |
_aCambridge ; _aNew York : _bCambridge University Press, _c1977. |
||
| 300 |
_axiii, 897 p. ; _c24 cm. |
||
| 500 | _aIncludes indexes. | ||
| 504 | _aBibliography: v. 1, p. [336]-356; v. 2, p. [850]-879. | ||
| 650 | 0 |
_aSemantics. _95519 |
|
| 650 | 0 |
_aSemiotics. _96283 |
|
| 650 | 0 | _aGrammar, Comparative and general. | |
| 856 | 4 | 2 |
_3Publisher description _uhttp://www.loc.gov/catdir/description/cam022/76040838.html |
| 856 | 4 | 1 |
_3Table of contents _uhttp://www.loc.gov/catdir/toc/cam022/76040838.html |
| 942 |
_2ddc _cBOOK |
||
| 999 |
_c5860 _d5860 |
||